Grief to bury: memories of love, work and loss (Record no. 7882)

MARC details
000 -LEADER
fixed length control field 00473nam a2200181Ia 4500
020 ## - INTERNATIONAL STANDARD BOOK NUMBER
ISBN 9788125043058
082 ## - DEWEY DECIMAL CLASSIFICATION NUMBER
Classification number RR 920.72 KAN-G
100 ## - MAIN ENTRY--AUTHOR NAME
Personal name Kannabiran, Vasanth
245 #0 - TITLE STATEMENT
Title Grief to bury: memories of love, work and loss
260 ## - PUBLICATION, DISTRIBUTION, ETC. (IMPRINT)
Place of publication Hyderabad
Name of publisher Orient Blackswan
Year of publication 2011
300 ## - PHYSICAL DESCRIPTION
Number of Pages xxvii, 370
650 ## - SUBJECT ADDED ENTRY--TOPICAL TERM
Topical Term Women
Form subdivision Biography
650 ## - SUBJECT ADDED ENTRY--TOPICAL TERM
Topical Term Marriage
650 ## - SUBJECT ADDED ENTRY--TOPICAL TERM
Topical Term Widowhood
650 ## - SUBJECT ADDED ENTRY--TOPICAL TERM
Topical Term Women
Form subdivision Social Conditions
650 ## - SUBJECT ADDED ENTRY--TOPICAL TERM
Topical Term Women's rights
Geographic subdivision India
942 ## - ADDED ENTRY ELEMENTS (KOHA)
Koha item type Books
Holdings
Withdrawn status Lost status Damaged status Not for loan Home library Current library Date acquired Source of acquisition Bill Date Full call number Accession Number Price effective from Koha item type
        NASSDOC Library NASSDOC Library 04/04/2012 SAMS 2012-03-28 RR 920.72 KAN-G 47602 18/04/2019 Books